000 01625nam a2200265 i 4500
001 178060
003 ES-MaACL
005 20231204174101.0
008 110516s2003 sp |||| |dspa d
020 _a84-8485-121-4
080 _a821.134.2(729.1)-34"19"
100 1 _aNovás Calvo, Lino,
_d1905-1983
_986065
245 1 3 _aEl comisario ciego
_b: y otros relatos /
_cLino Novás Calvo ; introducción, selección y notas de Cira Romero.
260 _a[Sada (A Coruña)] :
_bEdiciós do Castro,
_c[2003]
300 _a495 p. ;
_c22 cm.
490 1 _aBiblioteca del exilio ;
_v14
504 _aBibliografía: p. 59-62.
505 8 _aContiene: De 'La luna nona y otros cuentos': ;
_tAquella noche salieron los muertos ;
_tLa noche de Ramón Yendía ;
_tLong Island ;
_tEn las afueras - De 'Cayo Canas': ;
_tCayo Canas ;
_tEl otro cayo ;
_tLa visión de Tamaría ;
_tUn dedo encima ;
_t¡Trínquenme ahí a ese hombre! - ;
_tNo sé quién soy - De 'Maneras de contar': ;
_tUn encuentro singular ;
_tA ese lugar donde me llaman ;
_tUn buchito de café - De 8 'narraciones policiales': ;
_t¡Y baila, y baila y baila! ;
_tUn paseo por la Quinta Avenida - Cuentos no recogidos en libros: ;
_tEl bejuco ;
_tEl comisario ciego ;
_tOjos de oro ;
_tAngusola y los cuchillos ;
_tEl cuarto de morir ;
_tHacia donde se acuesta el sol
700 1 _aRomero, Cira.
_9146537
830 0 _aBiblioteca del exilio ;
_v14
_9180374
852 _aES-MaACL
_9184919
_bR.145437
_jA-11180
_dOlim: N-4185
_cDEPO1
_xDonación: Jose Esteban
903 _9234040
_aEsteban, José
_ednr
942 _2udc
999 _c178060
_d178060